Statistiques concernant Anagrammes - Vocabulaire - Série 05

Cliquez ici pour prendre le quiz!

Statistiques générales

  • Ce quiz a été pris 84 fois
  • Le résultat moyen est 7 sur 12

Statistiques - réponses

IndiceAnagrammeAnswerMot% Correct
drogueACMEcame
100%
fineMALElame
96%
parenteNICEEniece
94%
acteTONDdont
93%
vêtementAIRSsari
83%
poidsHALETERhaltère
80%
légumeTARETratte
74%
maoMINOTIERtimonier
46%
coiffeEPINCERcrepine
33%
joueurSATIRISTEsitariste
10%
retraiteREAIENTtaniere
4%
bénéficiaireEMERITESeremiste
0%

Distribution des résultats

Percentile par nombre de réponses

% des personnes avec chaque résultat

Votre développement - résultats

Vous n’avez pas pris ce quiz